000 00632na a2200241 4500
001 12606
003 MIRAKIL
005 20181213154734.0
008 161028b tu 000 0
020 _a9757569356
035 _a12606
040 _aMilas
_btur
_cTR-AnCHP
041 _atur
082 _a070.442
_bD86a 1996
090 _a070.442 D86a 1996
100 _aDuran, Ragıp
245 _aApoletli medya
_cRagıp Duran
260 _aİstanbul
_bYol Yayınları
_c1996
300 _a96 s.
_c20 sm.
650 _aKitle iletişim araçları
_zTürkçe denemeler
650 _aGazete yazıları
_zTürkiye
942 _2ddc
_cBKS
999 _c117
_d117